Normal view
MARC view
Entry Personal Name
001 - CONTROL NUMBER
- control field: 7233
003 - CONTROL NUMBER IDENTIFIER
- control field: OSt
005 - DATE AND TIME OF LATEST TRANSACTION
- control field: 20190723063651.0
008 - FIXED-LENGTH DATA ELEMENTS
- fixed length control field: 190723|| aca||aabn | a|a d
040 ## - CATALOGING SOURCE
- Original cataloging agency: OSt
- Transcribing agency: OSt
100 ## - HEADING--PERSONAL NAME
- Personal name: Gangrade, Shailendra
670 ## - SOURCE DATA FOUND
- Source citation: Work cat.: (OSt): Telang, Vidya 7232, Financial engineering in India: (Economic and social perspective, 2019
